01449nam a22002657a 4500001001000000003001100010005001700021008004100038040001800079050001900097082001000116110004500126240016700171245015800338250003700496260004600533300003300579440016700612500003900779500006600818500006900884505010500953650004901058651007601107BRCA_9272FranzMayer20230719135303.0230719b |||||||| |||| 00| 0 eng d aMFMbespcMFM 4aLE53bN68 1787 2BT1991 4ResponsableaNovis curis emendatabaufla1 aUniversae Christianae theologiae Elementa Dogmatica, Historica, Critica hTomus secundus Antonii genuensis olim in regia neapolitana universitate P.P.P. lLatín0 aUniversae Christianae theologiae Elementa Dogmatica, Historica, Critica bTomus secundus Antonii genuensis olim in regia neapolitana universitate P.P.P.  aTercera ediciónbEditio Tertia aVenecia, ItaliabBaptistae Pasqualic1787 a412 pbilustracionesc18 cm. aUniversae Christianae theologiae Elementa Dogmatica, Historica, Critica nAntonii genuensis olim in regia neapolitana universitate P.P.P. pTomus SecundusvVol 2. aPrivilegio de la Corona Española aAl inicio del libro contiene un sello con las iniciales R.S.C aAlgunas partes del libro están manchadas con una mezcla negra.0 aTexto en: latínDirigido a: teólogos, historiadores, investigadores.Incluye índice (temático)1 2ReligiónaReligión cristianavTeología2 2ReligiónaHistoria y principios de la religiónvEstudios religiosos